| 000 | 00490nam a22001817a 4500 | ||
|---|---|---|---|
| 999 |
_c3182 _d3182 |
||
| 003 | OSt | ||
| 005 | 20231031110202.0 | ||
| 008 | 231031b ||||| |||| 00| 0 eng d | ||
| 020 | _a9780435392888 | ||
| 040 | _cKH8 | ||
| 082 | _a400 GRE | ||
| 100 |
_aGreen, Rosie, _eauthor. |
||
| 245 |
_aExpo 3: _bVert Teacher's Guide / _cRosie Green and Tracy Traynor. |
||
| 260 |
_aHarlow ; _bHeinemann. |
||
| 300 | _c8.62 x 0.47 x 11.5 inches. | ||
| 700 |
_aTraynor, Tracy, _eauthor. |
||
| 942 |
_2ddc _cTR |
||